Active listening introducing : Skills for understanding (Level 1)

Sparad:
Bibliografiska uppgifter
Huvudupphovsman: Helgesen, Marc
Materialtyp: Bok
Språk:Undetermined
Publicerad: Cambridge, UK Cambridge Univ. Press 1999
Ämnen:
Taggar: Lägg till en tagg
Inga taggar, Lägg till första taggen!
Thư viện lưu trữ: Trung tâm Học liệu Trường Đại học Cần Thơ
LEADER 00628nam a2200217Ia 4500
001 CTU_237655
008 210402s9999 xx 000 0 und d
020 |c 144000 
082 |a 428.34 
082 |b H474/CD.3 
100 |a Helgesen, Marc 
245 0 |a Active listening introducing : 
245 0 |b Skills for understanding (Level 1) 
245 0 |c Marc Helgesen and Steven Brown 
260 |a Cambridge, UK 
260 |b Cambridge Univ. Press 
260 |c 1999 
650 |a English language 
650 |x Study and teaching,Foreign speakers 
904 |i Minh 
980 |a Trung tâm Học liệu Trường Đại học Cần Thơ